000 00583nmm a2200193Ia 4500
008 251105s9999||||xx |||||||||||||||||und||
020 _a9789681679156
041 _aspa
100 _aGaspar, Lorand
245 0 _aAcercamiento a la palabra
264 _a[México D.C., Mexico] :
_bFondo de Cultura Económica,
_c2015
300 _a124 páginas
490 _aLengua y Estudios Literarios
650 _aFrench Literature and language
700 _aGaspar, Lorand
700 1 _a Segovia Albán, Rafael
856 _uhttps://public.digitaliapublishing.com/a/43681
942 _cCF
999 _c66022
_d66022